Asi es finlandia /
Guardado en:
| Formato: | Libro |
|---|---|
| Publicado: |
Helsinki :
Otava,
1978
|
| Edición: | 4a. ed. |
| Materias: | |
| Etiquetas: |
Agregar Etiqueta
Sin Etiquetas, Sea el primero en etiquetar este registro!
|
| LEADER | 00500nam a22001935a 4500 | ||
|---|---|---|---|
| 001 | CEM.cems000212 | ||
| 005 | 20060209000000.0 | ||
| 008 | 130507s1978##################000#0#####d | ||
| 003 | CEMS | ||
| 082 | 0 | 4 | |a 947.1 |
| 245 | 0 | 0 | |a Asi es finlandia / |
| 250 | |a 4a. ed. | ||
| 260 | |a Helsinki : |b Otava, |c 1978 | ||
| 300 | |a 118 p. | ||
| 653 | |a Finlandia | ||
| 653 | |a Finlandia educación | ||
| 653 | |a Historia | ||
| 653 | |a Historia de finlandia | ||
| 859 | |a CEMS |b BIB. CEMS - 11 de abril |h 947.1 |i As11a4 |p 10382.81 |t Ej.1 | ||
